Taylor Swift - Track 6 - Statistiques

Statistiques générales
  • Ce quiz a été pris 89 fois
    24 depuis la dernière actualisation
  • Le résultat moyen est 9 sur 12
Statistiques - réponses
Albums Chansons % Correct
The Life of a Showgirl Ruin the Friendship
93%
The Tortured Poets Department But Daddy I Love Him
80%
folklore mirrorball
80%
Taylor Swift The Outside
80%
Fearless You Belong With Me
80%
Lover I Think He Knows
73%
Midnights Midnight Rain
73%
1989 Shake It Off
73%
Red 22
67%
Reputation Look What You Made Me Do
67%
Speak Now Mean
67%
evermore no body, no crime
67%
Aucun quiz correspondant
Distribution des résultats
% des personnes avec chaque résultat
Percentile par nombre de réponses
Votre historique - résultats
Vous n’avez pas pris ce quiz depuis la dernière actualisation